Lectures on properly law transfer or property easement and equity (Record no. 18591)

MARC details
000 -LEADER
fixed length control field 00493nam a2200169Ia 4500
008 - FIXED-LENGTH DATA ELEMENTS--GENERAL INFORMATION
fixed length control field 230917s9999||||xx |||||||||||||| ||und||
020 ## - ISBN
Price RS135
040 ## - CATALOGING SOURCE
-- 233017
Original cataloging agency VIVEKANANDA LIBRARY
041 ## - Language
-- English
082 ## - DDC NUMBER
Classification number 346.04 G949L
100 ## - MAIN ENTRY--PERSONAL NAME
Personal name Gujar, Suryakant Mahadeo
245 #0 - TITLE STATEMENT
Title Lectures on properly law transfer or property easement and equity
260 ## - PUBLICATION, DISTRIBUTION, ETC. (IMPRINT)
Place of publication, distribution, etc New Delhi
Name of publisher, distributor, etc Kamal Publishers
Date of publication, distribution, etc 2016
300 ## - PHYSICAL DESCRIPTION
Pages 228 p.
500 ## - GENERAL NOTE
General note 2320 06/05/2016 HBD16/6563 22/06/2016 Main Budget
942 ## - ADDED ENTRY ELEMENTS (KOHA)
Koha item type Books
Holdings
Withdrawn status Lost status Damaged status Not for loan Location (home branch) Sublocation or collection (holding branch) Date acquired Koha issues (times borrowed) Koha full call number Accession No. Koha date last seen Koha item type
        VIVEKANANDA LIBRARY VIVEKANANDA LIBRARY 16/02/2017 1 346.04 G949L 358094 20/03/2025 Books
        VIVEKANANDA LIBRARY VIVEKANANDA LIBRARY 16/02/2017   346.04 G949L 358095 17/09/2023 Books
        VIVEKANANDA LIBRARY VIVEKANANDA LIBRARY 16/02/2017 2 346.04 G949L 358096 29/04/2026 Books
        VIVEKANANDA LIBRARY VIVEKANANDA LIBRARY 16/02/2017 4 346.04 G949L 358097 29/04/2026 Books
        VIVEKANANDA LIBRARY VIVEKANANDA LIBRARY 16/02/2017 2 346.04 G949L 358098 02/05/2025 Books
© Designed and Maintained by Vivekananda Library, MDU Rohtak